书目信息 |
| 题名: |
苏轼传
|
|
| 作者: | 胡明刚 著 | |
| 分册: | ||
| 出版信息: | 北京 北京联合出版公司 2013.11 |
|
| 页数: | 231页 | |
| 开本: | 24cm | |
| 丛书名: | 中国名人大传 | |
| 单 册: | ||
| 中图分类: | K825.6 | |
| 科图分类: | ||
| 主题词: | ||
| 电子资源: | ||
| ISBN: | 978-7-5502-2163-5 | |
| 000 | 00943nam0 2200289 450 | |
| 001 | 0100140709 | |
| 005 | 20141020221529.0 | |
| 010 | @a978-7-5502-2163-5@dCNY29.80 | |
| 100 | @a20140226d2013 em y0chiy50 ea | |
| 101 | 0 | @achi |
| 101 | 11 | @achi |
| 102 | @aCN@b110000 | |
| 105 | @ay z 000yb | |
| 106 | @ar | |
| 200 | 1 | @a苏轼传@Asu shi zhuan@b专著@f胡明刚著@Fhu ming gang zhu |
| 210 | @a北京@c北京联合出版公司@d2013.11 | |
| 215 | @a231页@d24cm | |
| 225 | 1 | @a中国名人大传 |
| 330 | @a本书讲述了北宋“三苏”之一,唐宋八大家之一的苏轼的人生经历。全书共十二章,内容包括:旷世才俊、初涉仕途、卷入党争、首赴杭州、中年苦乐、功罪之间、黄州之贬、沉浮之变、再赴杭州、人生如寄、天涯归舟、自然人生等。 | |
| 540 | @a苏轼传 | |
| 600 | 0 | @a苏轼@f(1036-1101) |
| 600 | 0 | @a苏轼@f(1036-1101)@x传记 |
| 690 | @aK825.6@v5 | |
| 701 | 0 | @a胡明刚@Ahu ming gang@4著 |
| 801 | @aCN | |
| 901 | @a001 | |
| 905 | @b1103902-4@dK825.6@eH491@f3@a241430 | |
| 苏轼传/胡明刚著.-北京:北京联合出版公司,2013.11 |
| 231页;24cm.-(中国名人大传) |
| ISBN 978-7-5502-2163-5:CNY29.80 |
| 本书讲述了北宋“三苏”之一,唐宋八大家之一的苏轼的人生经历。全书共十二章,内容包括:旷世才俊、初涉仕途、卷入党争、首赴杭州、中年苦乐、功罪之间、黄州之贬、沉浮之变、再赴杭州、人生如寄、天涯归舟、自然人生等。 |
| ● |
| 相关链接 |
|
|
|
正题名:苏轼传
索取号:K825.6/H491
 
预约/预借
| 序号 | 登录号 | 条形码 | 馆藏地/架位号 | 状态 | 备注 |
| 1 | 1103902 | 211039026 | 社科库309/309社科库 51排4列1层/ [索取号:K825.6/H491] | 在馆 | |
| 2 | 1103903 | 211039035 | 社科库309/309社科库 51排4列1层/ [索取号:K825.6/H491] | 在馆 | |
| 3 | 1103904 | 211039044 | 社科库309/309社科库 51排4列1层/ [索取号:K825.6/H491] | 在馆 |